00397cam a2200169ua 45000010005000000080039000050200018000440400009000620410008000710820009000791000024000882450050001122500009001622600024001713000012001956530020002078756150213n xxk |||gr||||Z||||||eng a9780393966404 cMAIN aeng a823N aTwain, M.,eAuthor.1 aAdventures of Huckleberry FinncBy Mark Twain a2nd. aLondon:bWW,c2010. ax,394p. aEnglish fiction